Le titre est dans les paroles - Pomme #2 - Statistiques

Statistiques générales
  • Ce quiz a été pris 68 fois
  • Le résultat moyen est 7 sur 20
Statistiques - réponses
Réponse % Correct
Le soleil qui nous hanteOh reviens {soleil}, {soleil}
91%
Oh {Pauline}, j'ai pas ta poitrineMais mon cœur bat pour lui Ne me fais pas ça
70%
Je te propose {une} {minute}Enlacés dans le noir
54%
Mais {ma} {meilleure} {ennemie}, c'est toiFuis-moi, le pire c'est toi et moi
52%
Oh, prenons le temps qu'il fautPour laisser passer {les} {cours} {d'eau}
50%
{Pourquoi} {la} {mort} {te} {fait} {peur}J'entends les sauts de ton cœur à travers les océans
45%
I recall the last time I saw youYou looked {very} {bad}
43%
Quand {tout} {ça} sera fini, je ferai quoi de moi?Je vous demande à penser à ça
43%
J'irai voir de temps en temps Les fleurs sécher sur le {tombeau}
38%
Tout paraît si limpide, si limpide, limpideVu {de} {là}-{haut}
32%
{Ce} {garçon} {est} {une} {ville}Que j'aime, de mes doigts, visiter
25%
Je m'avance vers toi dans {la} {gare}Est-ce que tu excuseras mon retard?
23%
J'essaierai de croire en moi{Comme} {tu} {dis} que tu crois en moi
23%
Tam tam tam oho, la {même} {robe} {qu'hier}Tam tam tam oho, je suis restée toute la nuit
23%
J'ai fait le tour et notre amour est {en} {cavale}Il nous a volé, une année à tout les deux
21%
Play only, play only, play only {a} {lonely} {one}
21%
{Comme} {si} {j'y} {croyais} je vis des viesLibre de tout chagrin
16%
All of this is {weird}All of this is scary
13%
{Je} {t'emmènerais} {bien} de l'autre côté de l'AtlantiquePlus près des neiges de nos rêves chimériques
13%
Je ne peux {rien} {pour} {toi}La-la-la-la-la Si tu entends ma voix
11%
Aucun quiz correspondant
Distribution des résultats
% des personnes avec chaque résultat
Percentile par nombre de réponses
Votre historique - résultats
Vous n’avez pas pris ce quiz